000 01156nam a22002297a 4500
001 6199
003 FISKH
005 20250327110514.0
008 250327b cb ||||| |||| 00| 0 eng d
020 _a9780007902217
_c$6.00
040 _aFISKH
_beng
_cFISKH
_dFISKH
050 _aPR4494 .W5
082 _a823.8
100 _aCollins, Wilkie
245 _aThe woman in white /
_cWilkie Collins
260 _aLondon :
_bHarper Collins,
_c2011.
300 _a756 pages :
_c18 cm
520 _aThe Woman in White is credited with being the first of the sensation novels, and one of the finest examples of the genre. A young woman's husband defrauds her of her fortune, her identity and eventually her sanity. She is saved by her sister and a loyal man who loves her, and her two rescuers attempt to expose her husband. They meet a woman dressed all in white whose fate seems curiously intertwined with that of the young woman. In the tradition of the sensation novel, the story contravenes boundaries of class, identity and the private and public spheres.
650 _aBritish literature
_vFiction
_xThriller
942 _2ddc
_cBK
_n0
999 _c6199
_d6199